000 00791nam a22002777a 4500
001 BR7375106
003 BR-BrBNA
005 20230928093827.0
007 ta
008 230509b bl.||||| |||| 00| 0 por d
040 _aBR-BrBNA
_bpor
_cBiblioteca Nacional de Agricultura
041 _a(Por)
072 _aF04
090 _ F04 BR7375106
100 1 _aVolkweiss, S.J.
100 1 _aLudwick, A.E.
110 1 _aUniversidade Federal do Rio Grande do Sul, Porto Alegre (Brasil). Faculdade de Agronomia e Veterinaria
_911161
245 1 _aEscolha do corretivo da acidez do solo
260 3 _aPorto Alegre, RS (Brasil):
_c1969.
300 _a4 p.
650 _aCorretivo
650 _aCalcario
650 _aAcidez do Solo
909 _a202309
_bLucia
_c55
_dLucia Elande
942 _cBK
999 _c47344
_d47344